000 00382nam a2200157 i 4500
001 61761
003 ES-MaACL
005 20230906164533.0
007 t|
008 031113s1930 sp ||||1| spa d
245 0 0 _aFarmacopea oficial española.
250 _a8ª ed.
260 _aMadrid :
_bEspasa-Calpe,
_c1930.
300 _aXX, 1037 p. ;
_c23 cm.
852 _aES-MaACL
_jE-1527
999 _c61761
_d61761